<?xml version="1.0" encoding="UTF-8"?><?xml-stylesheet type="text/xsl" href="static/style.xsl"?><OAI-PMH xmlns="http://www.openarchives.org/OAI/2.0/" xmlns:xsi="http://www.w3.org/2001/XMLSchema-instance" xsi:schemaLocation="http://www.openarchives.org/OAI/2.0/ http://www.openarchives.org/OAI/2.0/OAI-PMH.xsd"><responseDate>2026-06-29T02:40:32Z</responseDate><request verb="GetRecord" identifier="oai:docta.ucm.es:20.500.14352/117606" metadataPrefix="marc">https://docta.ucm.es/rest/oai/request</request><GetRecord><record><header><identifier>oai:docta.ucm.es:20.500.14352/117606</identifier><datestamp>2025-03-18T11:44:35Z</datestamp><setSpec>com_20.500.14352_14</setSpec><setSpec>col_20.500.14352_15</setSpec></header><metadata><record xmlns="http://www.loc.gov/MARC21/slim" xmlns:dcterms="http://purl.org/dc/terms/" xmlns:xsi="http://www.w3.org/2001/XMLSchema-instance" xmlns:doc="http://www.lyncode.com/xoai" xsi:schemaLocation="http://www.loc.gov/MARC21/slim http://www.loc.gov/standards/marcxml/schema/MARC21slim.xsd">
   <leader>00925njm 22002777a 4500</leader>
   <datafield ind2=" " ind1=" " tag="042">
      <subfield code="a">dc</subfield>
   </datafield>
   <datafield ind2=" " ind1=" " tag="720">
      <subfield code="a">Aranda Gómez, Juan Francisco</subfield>
      <subfield code="e">author</subfield>
   </datafield>
   <datafield ind2=" " ind1=" " tag="720">
      <subfield code="a">Ramírez, Cristina M.</subfield>
      <subfield code="e">author</subfield>
   </datafield>
   <datafield ind2=" " ind1=" " tag="720">
      <subfield code="a">Mittelbrunn, María</subfield>
      <subfield code="e">author</subfield>
   </datafield>
   <datafield ind2=" " ind1=" " tag="260">
      <subfield code="c">2024-11-12</subfield>
   </datafield>
   <datafield ind2=" " ind1=" " tag="520">
      <subfield code="a">Inflammageing, characterized by persistent chronic inflammation in older adults, has emerged as a critical factor linked to age-related diseases, such as cardiovascular diseases (CVDs), metabolic disorders, and cognitive decline, which collectively contribute to the leading causes of death globally. Elevated levels of cytokines, chemokines, and other inflammatory mediators characterize inflammageing and serve as indicators of biological age. Among the causes of inflammageing, deterioration of the immune system, mitochondrial dysfunction, dysbiosis, accumulation of DAMPs, together with genetic or epigenetic factors, contribute to inflammageing not only in CVD but also in other age-related conditions. This review examines the causes and consequences of inflammageing, particularly its implications for atherosclerosis and heart failure with preserved ejection fraction and explores potential strategies to mitigate it in the onset of CVD.</subfield>
   </datafield>
   <datafield ind1="8" ind2=" " tag="024">
      <subfield code="a">Aranda, J. F., Ramírez, C. M., &amp; Mittelbrunn, M. (2024). Inflammageing, a targetable pathway for preventing cardiovascular diseases. Cardiovascular Research. https://doi.org/10.1093/CVR/CVAE240</subfield>
   </datafield>
   <datafield ind1="8" ind2=" " tag="024">
      <subfield code="a">0008-6363</subfield>
   </datafield>
   <datafield ind1="8" ind2=" " tag="024">
      <subfield code="a">10.1093/cvr/cvae240</subfield>
   </datafield>
   <datafield ind1="8" ind2=" " tag="024">
      <subfield code="a">https://hdl.handle.net/20.500.14352/117606</subfield>
   </datafield>
   <datafield ind1="8" ind2=" " tag="024">
      <subfield code="a">1755-3245</subfield>
   </datafield>
   <datafield ind1="8" ind2=" " tag="024">
      <subfield code="a">https://doi.org/10.1093/cvr/cvae240</subfield>
   </datafield>
   <datafield ind1="8" ind2=" " tag="024">
      <subfield code="a">https://academic.oup.com/cardiovascres/advance-article/doi/10.1093/cvr/cvae240/7895712?login=true</subfield>
   </datafield>
   <datafield ind2="0" ind1="0" tag="245">
      <subfield code="a">Inflammageing, a targetable pathway for preventing cardiovascular diseases</subfield>
   </datafield>
</record></metadata></record></GetRecord></OAI-PMH>